00832nam a2200229 a 4500008004100000020001500041050001600056100002000072245002600092246002700118250001200145260003600157300002200193350000900215500005400224650004300278650001500321700002100336995009600357999001700453952013200470120416s1990 ||||||||||||||||| || u a0314667695 aHD 58.7 Daf aDaft, Richard L10aOrganizational theory acases and applications a3rd ed. aSt. PaulbWest Publishingc1990 axxvi, 379p. : ill a0.00 aIncludes bibliographical references: p. xxv-xxvi. aOrganizational sociology--Case studies 0aMANAGEMENT aSharfman, Mark P D0.00FCBU-MAIN LIBRARY (Kitwe)H1I23.00M1UAVAILABLEZMain Library Open Access Collection c52903d52903 00102lcc4070a001b001cMain Library Open Access Collectiond2022-11-30l0oHD 58.7 Dafp003585r2022-11-30w2022-11-30y002